Top 25 Best Pop Punk Albums - Statistics

General Stats
  • This quiz has been taken 152 times
    148 since last reset
  • The average score is 10 of 25
Answer Stats
Number Hint Answer % Correct
3 Green Day American Idiot
89%
1 Green Day Dookie
88%
5 My Chemical Romance The Black Parade
71%
2 Blink 182 Enema of The State
68%
4 Yellowcard Ocean Avenue
53%
18 Blink 182 Blink 182
52%
12 Blink 182 Take Off Your Pants And Jacket
48%
21 Green Day Nimrod
47%
11 Paramore Riot!
47%
8 Sum 41 All Killer No Filler
43%
7 Blink 182 Dude Ranch
39%
9 Offspring Americana
38%
20 Jimmy Eat World The Bleed American
36%
10 Panic! At The Disco A Fever You Can't Sweat Out
33%
13 Fall Out Boy From Under The Cork Tree
33%
16 Sum 41 Does This Look Infected?
32%
6 Green Day Insomniac
32%
25 The Offspring Smash
28%
22 Blink 182 Cheshire Cat
27%
14 Paramore Brand New Eyes
24%
15 All Time Low Nothing Personal
10%
17 Yellowcard Paper Walls
8%
23 Bowling For Soup Drunk Enough to Dance
3%
19 American Hi-Fi The Art of Losing
3%
24 The Wonder Years The Greatest Generation
3%
No matching quizzes found
Score Distribution
Percent of People with Each Score
Percentile by Number Answered
Your Score History
You have not taken this quiz since the last reset